<?xml version="1.0" encoding="UTF-8"?><?xml-stylesheet type="text/xsl" href="static/style.xsl"?><OAI-PMH xmlns="http://www.openarchives.org/OAI/2.0/" xmlns:xsi="http://www.w3.org/2001/XMLSchema-instance" xsi:schemaLocation="http://www.openarchives.org/OAI/2.0/ http://www.openarchives.org/OAI/2.0/OAI-PMH.xsd"><responseDate>2026-04-17T08:04:15Z</responseDate><request verb="GetRecord" identifier="oai:www.recercat.cat:20.500.14342/467" metadataPrefix="marc">https://recercat.cat/oai/request</request><GetRecord><record><header><identifier>oai:recercat.cat:20.500.14342/467</identifier><datestamp>2025-03-11T12:44:10Z</datestamp><setSpec>com_2072_482405</setSpec><setSpec>com_2072_183628</setSpec><setSpec>col_2072_482410</setSpec></header><metadata><record xmlns="http://www.loc.gov/MARC21/slim" xmlns:dcterms="http://purl.org/dc/terms/" xmlns:xsi="http://www.w3.org/2001/XMLSchema-instance" xmlns:doc="http://www.lyncode.com/xoai" xsi:schemaLocation="http://www.loc.gov/MARC21/slim http://www.loc.gov/standards/marcxml/schema/MARC21slim.xsd">
   <leader>00925njm 22002777a 4500</leader>
   <datafield ind2=" " ind1=" " tag="042">
      <subfield code="a">dc</subfield>
   </datafield>
   <datafield ind2=" " ind1=" " tag="720">
      <subfield code="a">Fondevila-Gascón, Joan-Francesc</subfield>
      <subfield code="e">author</subfield>
   </datafield>
   <datafield ind2=" " ind1=" " tag="720">
      <subfield code="a">Botey López, Jordi</subfield>
      <subfield code="e">author</subfield>
   </datafield>
   <datafield ind2=" " ind1=" " tag="720">
      <subfield code="a">Rom Rodríguez, Josep A.</subfield>
      <subfield code="e">author</subfield>
   </datafield>
   <datafield ind2=" " ind1=" " tag="720">
      <subfield code="a">Vila, Fátima</subfield>
      <subfield code="e">author</subfield>
   </datafield>
   <datafield ind2=" " ind1=" " tag="260">
      <subfield code="c">2018</subfield>
   </datafield>
   <datafield ind2=" " ind1=" " tag="520">
      <subfield code="a">El HbbTV promueve la interactividad. En esta investigación analizamos los resultados de una serie sincrónica&#xd;
de campañas de publicidad interactiva llevada a cabo&#xd;
en 2016 por parte de Henkel en un canal de televisión en&#xd;
España. Las campañas eran cuatro propuestas diferenciadas en los paneles de medida de CTR. Se suministró a&#xd;
la cadena de televisión una muestra con cuatro anuncios&#xd;
de un producto de belleza de Henkel. Se observó que el&#xd;
telespectador tiende a clicar el botón de aviso legal (el&#xd;
botón verde), y que existe una relación entre el tiempo promedio de reproducción del vídeo en segundos y la voluntad&#xd;
de querer participar y un equilibrio entre las diferentes&#xd;
campañas a la hora de impulsar el clic del telespectador</subfield>
   </datafield>
   <datafield ind2=" " ind1=" " tag="520">
      <subfield code="a">HbbTV promotes interactivity. In this study we analyzed the&#xd;
results of a synchronous series of interactive advertising&#xd;
campaigns conducted in 2016 by Henkel on a television channel in Spain. The campaigns were four different proposals&#xd;
in panels measuring CTR. It was supplied to the television a&#xd;
sample with four ads of a beauty product of Henkel. It was&#xd;
observed that the viewer tends to click on the legal warning&#xd;
button (the green button), and that there is a relationship&#xd;
between the average video playback time in seconds and&#xd;
the willingness to participate and a balance between the&#xd;
different campaigns at the time to push the viewer’s click.</subfield>
   </datafield>
   <datafield ind1="8" ind2=" " tag="024">
      <subfield code="a">http://hdl.handle.net/20.500.14342/467</subfield>
   </datafield>
   <datafield ind1="8" ind2=" " tag="024">
      <subfield code="a">https://dx.doi.org/10.31009/hipertext.net.2018.i16.06</subfield>
   </datafield>
   <datafield tag="653" ind2=" " ind1=" ">
      <subfield code="a">Televisió interactiva</subfield>
   </datafield>
   <datafield tag="653" ind2=" " ind1=" ">
      <subfield code="a">Publicitat per internet</subfield>
   </datafield>
   <datafield tag="653" ind2=" " ind1=" ">
      <subfield code="a">Internet</subfield>
   </datafield>
   <datafield tag="653" ind2=" " ind1=" ">
      <subfield code="a">Publicitat</subfield>
   </datafield>
   <datafield tag="653" ind2=" " ind1=" ">
      <subfield code="a">Comunicació</subfield>
   </datafield>
   <datafield tag="653" ind2=" " ind1=" ">
      <subfield code="a">Màrqueting</subfield>
   </datafield>
   <datafield ind2="0" ind1="0" tag="245">
      <subfield code="a">Monetización en publicidad digital: interactividad para HbbTV</subfield>
   </datafield>
</record></metadata></record></GetRecord></OAI-PMH>